000 00740cam a2200277 a 4500
001 17162996
005 20180117035028.0
007 vd cvaizu
007 co ugu|||uaa||
008 120213s2012 inua 001 0 eng
010 _a 2012361075
020 _a9781587204258
020 _a1587204258
040 _aDLC
_cDLC
_dDLC
041 _aeng
042 _apcc
080 _a004.6 WEN
082 0 0 _a004.6 WEN
_223
100 1 _a30
101 _aSHK
245 1 0 _aCCENT/CCNA ICND1 640-822 official cert guide /
_cWendell Odom.
504 _aIncludes bibliographical references.
906 _a7
_bcbc
_corigcop
_d2
_eepcn
_f20
_gy-gencatlg
942 _2ddc
_cBK
999 _c40403
_d40403